Natural Metaphor: Architectural Papers III: v. 3 (Record no. 11218)
[ view plain ]
| 000 -LEADER | |
|---|---|
| fixed length control field | 00233 a2200085 4500 |
| 020 ## - INTERNATIONAL STANDARD BOOK NUMBER | |
| International Standard Book Number | 978-8496954083 |
| 100 ## - MAIN ENTRY--PERSONAL NAME | |
| Personal name | Jose Luis Mateo and Eth Zurich |
| 245 ## - TITLE STATEMENT | |
| Title | Natural Metaphor: Architectural Papers III: v. 3 |
| 260 ## - PUBLICATION, DISTRIBUTION, ETC. | |
| Name of publisher, distributor, etc. | ActarD Inc |
| Date of publication, distribution, etc. | 2008 |
| Withdrawn status | Lost status | Source of classification or shelving scheme | Damaged status | Not for loan | Permanent Location | Current Location | Date acquired | Source of acquisition | Cost, normal purchase price | Barcode | Date last seen | Cost, replacement price | Price effective from | Koha item type |
|---|---|---|---|---|---|---|---|---|---|---|---|---|---|---|
| BMS College of Architecture, Design and Planning | BMS College of Architecture, Design and Planning | 2023-03-07 | 10 | 1482.25 | AR-UG2886 | 2023-03-07 | 2117.50 | 2023-03-07 | UG Books |